000 00848nam0a22002531 4500
001 rc\938923
005 20250622051109.0
035 _a(NLR Aleph) 006111568
090 _a5364730
_c5364730
100 _a20041129d1982 |||y0rusy50 ca
101 0 _arus
102 _aRU
105 _ay |||||||||
200 1 _aО построении оптимальных квадратурных формул с равноотстоящими узлами
210 _aНовосибирск
_cИн-т математики
_d1982
215 _a27 с.
_d20
225 1 _aПрепринт
_fАН СССР, Сиб. отд-ние, Ин-т математики
_v№ 25
320 _aБиблиогр.: с. 26
700 1 _aЗагирова
_bФ.Я.
801 0 _aRU
_bNLR
_gpsbo
801 1 _aRU
_bELAR
_2rusmarc
852 _aNLR
_j84-4/26
942 _cBOOK
980 _aNB